Pojem ideológia podľa teórie politických strán
Pojem ideológia ako predmet záujmu viacerých spoločenských vied. Ideológia, frakcie a politické strany v etymologicko-historickom vývoji. Vývoj ideológie v rámci vývojových typov politických strán.
Gespeichert in:
| 1. Verfasser: | |
|---|---|
| Format: | Buchkapitel |
| Sprache: | Slowakisch |
| Schlagworte: | |
| Tags: |
Keine Tags, Fügen Sie das erste Tag hinzu!
|
MARC
| LEADER | 00000naa$a2200000$$$4500 | ||
|---|---|---|---|
| 001 | 0223949 | ||
| 005 | 20221019163344.2 | ||
| 041 | 0 | |a slo | |
| 044 | |a SK | ||
| 245 | 1 | 0 | |a Pojem ideológia podľa teórie politických strán |c Miroslav Řádek |
| 520 | |a Pojem ideológia ako predmet záujmu viacerých spoločenských vied. Ideológia, frakcie a politické strany v etymologicko-historickom vývoji. Vývoj ideológie v rámci vývojových typov politických strán. | ||
| 610 | 2 | 0 | |a ideológia |
| 610 | 2 | 0 | |a civilizácia |
| 610 | 2 | 0 | |a konverzácia |
| 610 | 2 | 0 | |a teórie politické |
| 610 | 2 | 0 | |a politika |
| 610 | 2 | 0 | |a strany politické |
| 610 | 2 | 0 | |a komunikácia interkultúrna |
| 100 | 1 | |a Řádek, Miroslav | |